| 000 | 00830cab a2200277 4500 | ||
|---|---|---|---|
| 001 | ABS50879 | ||
| 008 | 090401t1994 xxu||||| |||| 00| 0 eng d | ||
| 035 | _a(Sirsi) u88392 | ||
| 041 | _aeng | ||
| 100 | _aWhitehead, C. | ||
| 245 | _aWhose land is it anyway? | ||
| 260 | _c1994 | ||
| 350 | _a0 | ||
| 490 |
_aVoluntary Housing _vJuly 1994, 6-8(2) |
||
| 520 | _aArgues that recent planning policies to increase the supply of affordable housing may not work for very much longer, since land is becoming scarcer and the property market is picking up. | ||
| 650 | _aHOUSING DEVELOPMENT | ||
| 650 | _aPLANNING POLICY | ||
| 650 | _aPPG3 | ||
| 650 | _aRESEARCH | ||
| 690 | _aHOUSING-DEVELOPMENT | ||
| 690 | _aLAND | ||
| 690 | _aPLANNING LAW AND PRACTICE | ||
| 700 | _aRoyce, C. | ||
| 942 | _n0 | ||
| 948 | _c04/03/1997 | ||
| 999 |
_c55830 _d55830 |
||